Grand Canyon country : (Record no. 8000)

MARC details
000 -LEADER
fixed length control field 00874nam a22002537a 4500
001 - CONTROL NUMBER
control field 8000
003 - CONTROL NUMBER IDENTIFIER
control field FISKH
005 - DATE AND TIME OF LATEST TRANSACTION
control field 20250818141026.0
008 - FIXED-LENGTH DATA ELEMENTS--GENERAL INFORMATION
fixed length control field 250818b cb ||||| |||| 00| 0 eng d
020 ## - INTERNATIONAL STANDARD BOOK NUMBER
International Standard Book Number 0870448285
040 ## - CATALOGING SOURCE
Original cataloging agency FISKH
Language of cataloging eng
Transcribing agency FISKH
Modifying agency FISKH
050 ## - LIBRARY OF CONGRESS CALL NUMBER
Classification number F788 .F52
082 ## - DEWEY DECIMAL CLASSIFICATION NUMBER
Classification number 917.91
100 ## - MAIN ENTRY--PERSONAL NAME
Personal name Fishbein, Seymour L.
245 ## - TITLE STATEMENT
Title Grand Canyon country :
Remainder of title Its majesty and its lore /
Statement of responsibility, etc. By Seymour L. Fishbein
260 ## - PUBLICATION, DISTRIBUTION, ETC.
Place of publication, distribution, etc. Washington, D.C.
Name of publisher, distributor, etc. National Geographic Society ,
Date of publication, distribution, etc. 1991.
300 ## - PHYSICAL DESCRIPTION
Extent 200 pages :
Other physical details color illustrations , maps ;
Dimensions 27 cm .
520 ## - SUMMARY, ETC.
Summary, etc. Author's memoir of his exploration of the Grand Canyon chronicling its history and the people who inhabit the area.
650 ## - SUBJECT ADDED ENTRY--TOPICAL TERM
Topical term or geographic name entry element Grand Canyon National Park
Form subdivision Non-fiction
650 ## - SUBJECT ADDED ENTRY--TOPICAL TERM
Topical term or geographic name entry element Arizona
Form subdivision Non-fiction
700 ## - ADDED ENTRY--PERSONAL NAME
Personal name Bean, Tom
Relator term Photographer
942 ## - ADDED ENTRY ELEMENTS (KOHA)
Source of classification or shelving scheme Dewey Decimal Classification
Koha item type Books
Suppress in OPAC No
Holdings
Withdrawn status Lost status Source of classification or shelving scheme Damaged status Not for loan Home library Current library Shelving location Date acquired Total Checkouts Full call number Barcode Date last seen Price effective from Koha item type
    Dewey Decimal Classification     Footprints International School Library Network Toul Tom Poung Campus Footprints International School Library Network Toul Tom Poung Campus TTP Secondary Non-Fiction Bookshelves 08/18/2025   FIS 917.91 F788 .F52 2025-4128 08/18/2025 08/18/2025 Books